Management today

Guardado en:
Detalles Bibliográficos
Formato: Seriadas
Lenguaje:inglés
Publicado: London Management Publ.
Materias:
Etiquetas: Agregar Etiqueta
Sin Etiquetas, Sea el primero en etiquetar este registro!

MARC

LEADER 00000nas1a22000001 4500
001 s120182
005 20250728134745.0
022 |a 0025-1925 
041 0 |a eng 
044 |a GB 
245 1 0 |a Management today 
264 1 |a London  |b Management Publ. 
610 2 0 |a manažment 
610 2 0 |a riadenie podnikové